Forty Centuries of Ink : (Record no. 230831)
[ view plain ]
| 000 -LEADER | |
|---|---|
| fixed length control field | 00984cam a22002293a 4500 |
| 001 - CONTROL NUMBER | |
| control field | 1483 |
| 003 - CONTROL NUMBER IDENTIFIER | |
| control field | PGUSA |
| 005 - DATE AND TIME OF LATEST TRANSACTION | |
| control field | 20140828083001.0 |
| 008 - FIXED-LENGTH DATA ELEMENTS--GENERAL INFORMATION | |
| fixed length control field | 981001s1998||||xxu|||||s|||||000 | eng d |
| 040 ## - CATALOGING SOURCE | |
| Original cataloging agency | PGUSA |
| Language of cataloging | eng |
| 042 ## - AUTHENTICATION CODE | |
| Authentication code | dc |
| 050 #4 - LIBRARY OF CONGRESS CALL NUMBER | |
| Classification number | TP |
| 100 1# - MAIN ENTRY--PERSONAL NAME | |
| Personal name | Carvalho, David Nunes, |
| Dates associated with a name | 1848-1925 |
| 245 10 - TITLE STATEMENT | |
| Title | Forty Centuries of Ink : |
| Remainder of title | Or, A chronological narrative concerning ink and its backgrounds, introducing incidental observations and deductions, parallels of time and color phenomena, bibliography, chemistry, poetical effusions, citations, anecdotes and curiosa together with some evidence respecting the evanescent character of most inks of to-day and an epitome of chemico-legal ink. |
| Medium | [electronic resource] / |
| Statement of responsibility, etc | David Nunes Carvalho |
| 260 ## - PUBLICATION, DISTRIBUTION, ETC. (IMPRINT) | |
| Name of publisher, distributor, etc | Project Gutenberg, |
| Date of publication, distribution, etc | 1998 |
| 506 ## - RESTRICTIONS ON ACCESS NOTE | |
| Terms governing access | Public domain in the USA. |
| 516 ## - TYPE OF COMPUTER FILE OR DATA NOTE | |
| Type of computer file or data note | Electronic text |
| 653 ## - INDEX TERM--UNCONTROLLED | |
| Uncontrolled term | Ink |
| 830 #0 - SERIES ADDED ENTRY--UNIFORM TITLE | |
| Uniform title | Project Gutenberg |
| Volume number/sequential designation | 1483 |
| 856 40 - ELECTRONIC LOCATION AND ACCESS | |
| Uniform Resource Identifier | <a href="http://www.gutenberg.org/ebooks/1483">http://www.gutenberg.org/ebooks/1483</a> |
| 942 ## - ADDED ENTRY ELEMENTS (KOHA) | |
| Koha item type | eBooks |
| Withdrawn status | Lost status | Damaged status | Home library | Current library | Date acquired | Total Checkouts | Date last seen | Price effective from | Koha item type |
|---|---|---|---|---|---|---|---|---|---|
| Project Gutenberg | Project Gutenberg | 08/28/2014 | 08/28/2014 | 08/28/2014 | eBooks |